Vita di Marcel Proust /

में बचाया:
ग्रंथसूची विवरण
मुख्य लेखक: Tadié, Jean-Yves (लेखक)
अन्य लेखक: Bogliolo, Giovanni
स्वरूप: पुस्तक
भाषा:इतालवी
प्रकाशित: Milano : Mondadori, [2002!
विषय:
टैग: टैग जोड़ें
कोई टैग नहीं, इस रिकॉर्ड को टैग करने वाले पहले व्यक्ति बनें!

MARC

LEADER 00000nam a22000007i 4500
001 IT\ICCU\RAV\0903554
003 ItRI
005 20260115231850.0
008 020621s2002 it |||||| ||||| |||||c
020 |a 8804503122 
040 |b ita  |c importazione bologna sebina 
041 7 |a ita  |2 ISO-639-2 
082 |a 843.912  |9 NARRATIVA FRANCESE. 1900-1945  |2 19 
100 1 |a Tadié, Jean-Yves  |0 IT\ICCU\CFIV\081068  |4 aut 
240 1 0 |a Marcel Proust. Biographie.  |3 IT\ICCU\RAV\0903558  |9 Tadié, Jean-Yves 
245 1 0 |a Vita di Marcel Proust /  |c Jean-Yves Tadié ; traduzione di Giovanni Bogliolo. 
260 |a Milano :  |b Mondadori,  |c [2002! 
300 |a XI, 908 p., [16! c. di tav. :  |b ill. ;  |c 24 cm. 
650 7 |a Proust, Marcel  |x Biografia  |2 scbi 
700 1 |a Bogliolo, Giovanni  |0 IT\ICCU\CFIV\009952 
942 |2 ddc  |c BK  |n 0 
952 |0 0  |1 0  |4 0  |6 DOC_843_912000000000000_TAD  |7 0  |9 14610  |a BO  |b BO  |d 2026-01-15  |i 8781  |l 0  |o DOC 843.912 TAD  |p BO8781  |r 2026-01-15 23:18:50  |w 2026-01-15  |x [Sebina 5] [1 v.]  |y BK  |z 1 v. 
999 |c 12601  |d 12601